[Event "AUTO-OPEN-4647"]
[Site "http://www.queenalice.com/game.php?id=1871678"]
[Date "2026.4.8"]
[Round "1"]
[White "cerenzo72"]
[Black "Ditto"]
[Result "1-0"]
[WhiteElo "2164"]
[BlackElo "1390"]

1. b3 e5 2. Bb2 Nc6 3. e3 Bb4 4. Bb5 d6 5. c3 Bc5 6. d4 exd4 7. exd4 Bb6 8. d5
a6 9. Ba4 Qe7+ 10. Ne2 Nh6 11. O-O O-O 12. dxc6 Qh4 13. Qd3 Ng4 14. Qg3 Qe7 15.
Nf4 Qf6 16. Nd5 Qg5 17. Nxb6 cxb6 18. b4 Qd5 19. cxb7 Qxb7 20. Bb3 Ne5 21. Nd2
Bf5 22. c4 Rad8 23. Rad1 Qd7 24. Nf3 Ng6 25. Nd4 Bg4 26. Qc3 Qb7 27. Nf5 Bxf5
28. Qxg7# 1-0

[Event "AUTO-OPEN-4647"]
[Site "http://www.queenalice.com/game.php?id=1871679"]
[Date "2026.4.8"]
[Round "1"]
[White "Ditto"]
[Black "cerenzo72"]
[Result "0-1"]
[WhiteElo "1341"]
[BlackElo "2169"]

1. e4 e5 2. Nf3 d6 3. Bc4 Be7 4. d3 Nf6 5. c3 Bg4 6. h3 Bh5 7. Be3 Nbd7 8. g4
Bg6 9. Nbd2 c6 10. Qb3 b5 11. Bxb5 cxb5 12. Ng5 O-O 13. Ngf3 d5 14. Qxb5 dxe4
15. dxe4 Nxe4 16. Nb3 Nd6 17. Qd5 e4 18. Nfd2 Nb6 19. Qd4 Bf6 20. Qc5 Na4 21.
Qb4 Nxb2 22. O-O Nd3 23. Qa3 Bxc3 24. Rad1 a5 25. Nc5 Bb4 26. Qa4 Nxc5 27. Bxc5
Bxc5 28. Nb3 Bb4 29. Nd4 h5 30. Qc2 hxg4 31. hxg4 Qg5 32. Qe2 Rfe8 33. Nc6 e3
34. fxe3 Rxe3 35. Qg2 Rae8 36. Nxb4 axb4 37. Rxd6 Qc5 38. Qd5 Rg3+ 39. Kh2 Qc3
40. Rxg6 Re2+ 0-1

[Event "AUTO-OPEN-4647"]
[Site "http://www.queenalice.com/game.php?id=1871688"]
[Date "2026.4.8"]
[Round "1"]
[White "Thisistheway"]
[Black "Ditto"]
[Result "1-0"]
[WhiteElo "2135"]
[BlackElo "1345"]

1. e4 e5 2. d4 exd4 3. Nf3 Bc5 4. Bc4 d6 5. c3 dxc3 6. Qb3 Qf6 7. Nxc3 Nc6 8.
O-O Na5 9. Qa4+ Bd7 10. Qxa5 b6 11. Qa6 Ne7 12. Bg5 Qg6 13. Bxe7 Kxe7 14. Nd5+
Kd8 15. Qb7 Rc8 16. Rad1 a5 17. e5 Re8 18. exd6 Bxd6 19. Nxb6 cxb6 20. Qxb6+ Bc7
21. Qxg6 fxg6 22. Bb5 Re7 23. Rfe1 Rxe1+ 24. Nxe1 Ke7 25. Rxd7+ Kf8 26. Nf3 1-0

[Event "AUTO-OPEN-4647"]
[Site "http://www.queenalice.com/game.php?id=1871689"]
[Date "2026.4.8"]
[Round "1"]
[White "Ditto"]
[Black "Thisistheway"]
[Result "0-1"]
[WhiteElo "1343"]
[BlackElo "2136"]

1. e4 d5 2. exd5 Nf6 3. Bb5+ Bd7 4. Bc4 Bg4 5. f3 Bf5 6. d3 Nxd5 7. Bg5 c6 8.
Ne2 h6 9. Bh4 Ne3 10. Qd2 Nxg2+ 11. Kd1 Nxh4 12. Nbc3 e6 13. Nf4 Nxf3 14. Qe3
Nd4 15. Kd2 Bc5 16. Qg3 O-O 17. Nh5 Qg5+ 18. Qxg5 hxg5 19. Raf1 Nd7 20. Ng3 b5
21. Bb3 Nxb3+ 22. axb3 Bh3 23. Re1 Bg2 24. Rhg1 Bxg1 25. Rxg1 b4 0-1

[Event "AUTO-OPEN-4650"]
[Site "http://www.queenalice.com/game.php?id=1872777"]
[Date "2026.5.2"]
[Round "1"]
[White "zubarev"]
[Black "Ditto"]
[Result "1-0"]
[WhiteElo "1946"]
[BlackElo "1514"]

1. d4 d5 2. Nc3 Nf6 3. Nf3 Nc6 4. e3 a6 5. Bd3 Bg4 6. Be2 e6 7. O-O Bd6 8. Nd2
Bf5 9. Nf3 Ng4 10. h3 Nf6 11. Nh4 Be4 12. Nf3 Nh5 13. Nh2 Nf6 14. f3 Bg6 15. Bd2
Na5 16. Nxd5 Nxd5 17. Bxa5 b6 18. Bc3 O-O 19. Bd3 Bh5 20. Bd2 Qh4 21. c4 Qg3 22.
Ng4 Bxg4 23. fxg4 Qh2+ 24. Kf2 Bg3+ 25. Kf3 Bh4 26. cxd5 Qg3+ 27. Ke4 exd5+ 28.
Kxd5 Rad8+ 29. Kc4 b5+ 30. Kc3 Qd6 31. Kc2 c5 32. Rc1 cxd4 33. Kb1 Bf6 34. e4
Be5 35. Qf3 b4 36. h4 a5 37. Bc4 Rd7 38. Bb5 Rb7 39. Bc4 a4 40. Bd5 Rbb8 41. Rc6
Qe7 42. h5 a3 43. b3 Qd7 44. Rfc1 Qe7 45. h6 Qh4 46. Qf5 Bf6 47. hxg7 Bxg7 48.
Rf1 Qh2 49. e5 Bxe5 50. Rh6 Qxh6 51. Bxh6 1-0

[Event "AUTO-OPEN-4650"]
[Site "http://www.queenalice.com/game.php?id=1872778"]
[Date "2026.5.2"]
[Round "1"]
[White "Ditto"]
[Black "zubarev"]
[Result "1-0"]
[WhiteElo "1428"]
[BlackElo "1975"]

1. e4 e5 2. Nf3 Nc6 3. Bc4 Be7 4. d3 Nf6 5. c3 d6 6. h3 O-O 7. Bg5 h6 8. Be3 Be6
9. Bxe6 fxe6 10. Qb3 Qc8 11. O-O Rb8 12. Nbd2 d5 13. d4 Nxe4 14. Nxe4 dxe4 15.
Nd2 Na5 16. Qc2 exd4 17. Bxd4 Nc6 18. Be3 Qd8 19. Qxe4 Rf6 20. Qg4 Kh7 21. Ne4
Rg6 22. Qe2 Ne5 23. Bd4 Bd6 24. Ng3 Nc6 25. Qd3 e5 26. Be3 Qf6 27. Nh5 Qh4 28.
Ng3 Rf8 29. Rad1 Ne7 30. Qb5 e4 31. Qxb7 Nf5 32. Qxe4 Nxg3 33. Qxh4 Nf5 34. Qe4
Rff6 35. b4 Ne7 36. Rxd6 Kg8 37. Qxe7 Rxd6 38. Bd4 Rxd4 39. cxd4 Re6 40. Qxe6+
Kh7 41. Rc1 a6 42. Rxc7 a5 43. Rc8 axb4 44. Qf5+ g6 45. Qf7# 1-0

[Event "AUTO-OPEN-4650"]
[Site "http://www.queenalice.com/game.php?id=1872801"]
[Date "2026.5.2"]
[Round "1"]
[White "Shizumaru_Hisame"]
[Black "Ditto"]
[Result "1-0"]
[WhiteElo "2018"]
[BlackElo "1378"]

1. d4 d5 2. Bd2 Nc6 3. Bc3 Bf5 4. e3 e6 5. Bd3 Bg4 6. Qxg4 Bd6 7. Qxg7 Qf6 8.
Qxf6 Nxf6 9. Nf3 a6 10. Nbd2 O-O-O 11. O-O Rhg8 12. a3 Rg4 13. b4 Rdg8 14. g3 h5
15. b5 axb5 16. Bxb5 Na7 17. Be2 Rh8 18. h4 Rhg8 19. Ng5 Nc6 20. Bxg4 Nxg4 21.
Rfe1 Rg7 22. Nf1 Ne7 23. a4 Rg6 24. Nxf7 Rf6 25. Nxd6+ cxd6 26. Re2 Rg6 27. Bb4
Nf6 28. Bxd6 1-0

[Event "AUTO-OPEN-4650"]
[Site "http://www.queenalice.com/game.php?id=1872802"]
[Date "2026.5.2"]
[Round "1"]
[White "Ditto"]
[Black "Shizumaru_Hisame"]
[Result "0-1"]
[WhiteElo "1376"]
[BlackElo "2020"]

1. e4 d5 2. exd5 Qxd5 3. d4 Nc6 4. Nf3 Bg4 5. Be3 Bxf3 6. gxf3 O-O-O 7. Bg2 Nxd4
8. O-O Nc6 9. Qxd5 Rxd5 10. Nc3 Rd8 11. Bf4 e5 12. Be3 Kb8 13. a3 Nd4 14. Rac1
f5 15. Na4 Ne2+ 16. Kh1 Nxc1 17. Rxc1 b6 18. Bh3 f4 19. Bxb6 axb6 20. Re1 Bd6
21. Nc3 c6 22. Na4 Kc7 23. Bf5 Ne7 24. Be4 g5 25. Rd1 h5 26. Rd3 g4 27. Rb3 b5
28. Nc3 gxf3 0-1

[Event "AUTO-OPEN-4650"]
[Site "http://www.queenalice.com/game.php?id=1872815"]
[Date "2026.5.2"]
[Round "1"]
[White "josebaron"]
[Black "Ditto"]
[Result "1-0"]
[WhiteElo "2208"]
[BlackElo "1380"]

1. e4 e5 2. Nf3 Nc6 3. Bb5 Bc5 4. Bxc6 dxc6 5. d3 Bg4 6. h3 Bxf3 7. Qxf3 h6 8.
Nc3 Nf6 9. O-O Qd4 10. Be3 Qd6 11. Bxc5 Qxc5 12. a3 O-O-O 13. Rfd1 Rhg8 14. Rf1
Rdf8 15. Rae1 g5 16. Qxf6 h5 17. Qf5+ Kb8 18. Re3 f6 19. Qf3 h4 20. Qg4 Qb6 21.
Rb1 Qc5 22. Re2 Rd8 23. Nd1 Rgf8 24. Ne3 Qe7 25. Nf5 Qc5 26. Ng7 Qd6 27. Ne6 a6
28. Nxd8 Rxd8 29. Qf5 1-0

[Event "AUTO-OPEN-4650"]
[Site "http://www.queenalice.com/game.php?id=1872816"]
[Date "2026.5.2"]
[Round "1"]
[White "Ditto"]
[Black "josebaron"]
[Result "0-1"]
[WhiteElo "1382"]
[BlackElo "2207"]

1. e4 e5 2. Nf3 Nc6 3. Bc4 Be7 4. d3 Nf6 5. c3 O-O 6. h3 d6 7. O-O Be6 8. Bxe6
fxe6 9. Qb3 Qd7 10. Qd1 a5 11. Be3 Nh5 12. Nh2 Nf4 13. Ng4 h5 14. Nh2 g6 15. Nd2
Nxd3 16. Ndf3 Nxb2 17. Qc2 Nc4 18. Bh6 Rf7 19. Bc1 Kh7 20. Qe2 d5 21. Rd1 Nd6
22. exd5 exd5 23. Rxd5 e4 24. Ng5+ Bxg5 25. Rxg5 Rf5 26. Nf1 Rxg5 27. Bxg5 Qf5
28. Be3 Ne5 29. Bd4 Nec4 0-1

[Event "AUTO-OPEN-4654"]
[Site "http://www.queenalice.com/game.php?id=1874065"]
[Date "2026.5.29"]
[Round "1"]
[White "Fischercat"]
[Black "Ditto"]
[Result "0-1"]
[WhiteElo "1863"]
[BlackElo "1486"]

1. e4 e5 2. Nf3 Nc6 3. Bc4 Bc5 4. d3 d6 5. Bg5 f6 6. Bh4 Bg4 7. h3 Bh5 8. g4 Bg6
9. a3 Nge7 10. c3 a6 11. d4 exd4 12. Qd3 Qd7 13. cxd4 Bb6 14. Nc3 Ba5 15. b4 Bb6
16. Bg3 O-O-O 17. g5 f5 18. a4 Rhf8 19. b5 Na5 20. exf5 Bxf5 21. Qe2 Nxc4 22.
Qxc4 Be6 23. Qe2 a5 24. O-O Bxh3 25. Rfe1 Ng6 26. Nd5 Qf5 27. Nxb6+ cxb6 28.
Rac1+ Kb8 0-1

[Event "AUTO-OPEN-4654"]
[Site "http://www.queenalice.com/game.php?id=1874066"]
[Date "2026.5.29"]
[Round "1"]
[White "Ditto"]
[Black "Fischercat"]
[Result "1-0"]
[WhiteElo "1456"]
[BlackElo "1893"]

1. e4 e5 2. Nf3 d6 3. Bc4 h6 4. d3 a6 5. c3 Bg4 6. Nbd2 Be7 7. O-O b5 8. Bd5 c6
9. Bb3 Nf6 10. Qc2 O-O 11. Re1 Nbd7 12. h3 Bxf3 13. Nxf3 a5 14. a3 a4 15. Ba2
Nh5 16. Qe2 Nf4 17. Bxf4 exf4 18. d4 c5 19. Bd5 Rc8 20. Qxb5 Nb6 21. Qd3 Nxd5
22. exd5 c4 23. Qf5 Bg5 24. Re2 Qf6 25. Qc2 h5 26. Qxa4 Qg6 27. Rae1 Ra8 28. Qb4
1-0

[Event "AUTO-OPEN-4654"]
[Site "http://www.queenalice.com/game.php?id=1874091"]
[Date "2026.5.29"]
[Round "1"]
[White "Ditto"]
[Black "SGF"]
[Result "0-1"]
[WhiteElo "1374"]
[BlackElo "1750"]

1. e4 e5 2. Nf3 Qf6 3. Bc4 d6 4. d3 Be7 5. Bg5 Qg6 6. Bxe7 Nxe7 7. O-O h5 8. c3
h4 9. Nbd2 h3 10. g3 c6 11. Ne1 b5 12. Bb3 a5 13. Ndf3 a4 0-1

[Event "AUTO-OPEN-4654"]
[Site "http://www.queenalice.com/game.php?id=1874092"]
[Date "2026.5.29"]
[Round "1"]
[White "SGF"]
[Black "Ditto"]
[Result "1-0"]
[WhiteElo "1752"]
[BlackElo "1372"]

1. e4 e5 2. Qf3 Nc6 3. c3 Bc5 4. d3 h6 5. b4 Bb6 6. a4 a6 7. Na3 d6 8. Be2 Be6
9. Qg3 Qf6 10. b5 axb5 11. Nxb5 Nge7 12. Be3 Ba5 13. Bg4 Ng6 14. Bxe6 1-0

[Event "AUTO-OPEN-4654"]
[Site "http://www.queenalice.com/game.php?id=1874093"]
[Date "2026.5.29"]
[Round "1"]
[White "Ditto"]
[Black "game"]
[Result "0-1"]
[WhiteElo "1413"]
[BlackElo "1664"]

1. e4 d6 2. d4 e5 3. d5 Nf6 4. Nc3 Bg4 5. f3 Bh5 6. Bg5 Be7 7. h3 Nbd7 8. Bb5
O-O 9. Qd2 c6 10. dxc6 bxc6 0-1

[Event "AUTO-OPEN-4654"]
[Site "http://www.queenalice.com/game.php?id=1874094"]
[Date "2026.5.29"]
[Round "1"]
[White "game"]
[Black "Ditto"]
[Result "1-0"]
[WhiteElo "1670"]
[BlackElo "1407"]

1. e4 e5 2. Nf3 Nc6 3. Bb5 Bb4 4. c3 Bc5 5. d3 d6 6. d4 exd4 7. cxd4 a6 8. Bxc6+
bxc6 9. dxc5 Bg4 10. b4 Nf6 11. Qb3 Nxe4 12. O-O 1-0